[Event "Spain ch tt"]
[Site "?"]
[Date "2001.??.??"]
[Round "5"]
[White "Gonzalez Merino, Francisco"]
[Black "Barrero, Carlos"]
[Result "0-1"]
[WhiteElo "2171"]
[BlackElo "2307"]
[PlyCount "66"]

1. Nf3 Nf6 2. g3 g6 3. Bg2 Bg7 4. O-O O-O 5. d4 d6 6. a4 Nbd7 7. a5 a6 8. Nc3
e5 9. e4 exd4 10. Nxd4 Re8 11. Re1 Nc5 12. h3 Bd7 13. Kh2 c6 14. Bf4 d5 15.
exd5 Rxe1 16. Qxe1 cxd5 17. Be5 Be6 18. Nxe6 Nxe6 19. Nxd5 Nxd5 20. Bxg7 Kxg7
21. Rd1 Qf6 22. Rxd5 Qxb2 23. Rd7 Re8 24. Qe4 Qf6 25. Qe2 Rc8 26. Bd5 Nd4 27.
Qe3 Nxc2 28. Qd2 Nd4 29. Qe3 Nc2 30. Qa7 Rf8 31. Rxb7 Nd4 32. Kg2 Ne6 33. Qxa6
Nf4+ 0-1

[Event "Spain ch tt"]
[Site "?"]
[Date "2001.??.??"]
[Round "6"]
[White "Adams, Michael"]
[Black "Rojo, Jorge"]
[Result "1-0"]
[WhiteElo "2731"]
[BlackElo "2313"]
[PlyCount "83"]
[EventDate "2001.??.??"]

1. e4 e6 2. d4 d5 3. Nd2 Nf6 4. e5 Nfd7 5. c3 c5 6. Bd3 Nc6 7. Ne2 Qb6 8. Nf3
cxd4 9. cxd4 f6 10. exf6 Nxf6 11. O-O Bd6 12. b3 O-O 13. Bb2 Nb4 14. Bb1 Bd7
15. Ng3 Rae8 16. a3 Nc6 17. Ne5 Re7 18. Nxd7 Nxd7 19. Bc2 Nf6 20. Qd2 Na5 21.
Qd3 Rc8 22. Rae1 Kh8 23. b4 Nc4 24. Bc1 a5 25. bxa5 Qxa5 26. a4 b5 27. Nh5 Qc7
28. Nxf6 gxf6 29. Qh3 Qd7 30. axb5 Rb8 31. Bh6 Na3 32. Bd1 Nxb5 33. Qh4 Rf7 34.
Bh5 Rg8 35. Re3 e5 36. dxe5 Bxe5 37. Bxf7 Qxf7 38. Bf4 Nd4 39. Bxe5 fxe5 40.
Qh3 e4 41. Kh1 Nf5 42. Ree1 1-0

[Event "Spain ch tt"]
[Site "?"]
[Date "2001.??.??"]
[Round "6"]
[White "Rivas, Manuel"]
[Black "Gonzalez Merino, Francisco"]
[Result "0-1"]
[WhiteElo "2424"]
[BlackElo "2171"]
[PlyCount "72"]
[EventDate "2001.??.??"]

1. Nf3 d5 2. e4 dxe4 3. Ng5 Bf5 4. Nc3 Nf6 5. Qe2 Nc6 6. Qc4 e6 7. Ngxe4 Nxe4
8. Nxe4 Qd4 9. f3 O-O-O 10. c3 Qxc4 11. Bxc4 Ne5 12. Be2 c5 13. b3 Be7 14. Nf2
Nd3+ 15. Nxd3 Bxd3 16. Rf1 e5 17. Rf2 Bg5 18. Bxd3 Rxd3 19. Re2 f6 20. a4 Rhd8
21. Ra2 Bh4+ 22. Kd1 Rxc3 23. Rc2 Rxb3 24. Rxc5+ Kb8 25. Rc4 Bg5 26. Kc2 Rbd3
27. h4 Bf4 28. h5 Bg5 29. Rce4 R3d5 30. Rc4 R8d6 31. Kd1 a6 32. Kc2 b5 33. axb5
axb5 34. Rg4 Rc5+ 35. Kd1 Ra6 36. Rxg5 Ra1 0-1

[Event "Spain ch tt"]
[Site "?"]
[Date "2001.??.??"]
[Round "6"]
[White "Arizmendi, Julen"]
[Black "Suba, Mihai"]
[Result "1/2-1/2"]
[WhiteElo "2503"]
[BlackElo "2535"]
[PlyCount "79"]
[EventDate "2001.??.??"]

1. e4 c5 2. Nf3 d6 3. d4 Nf6 4. Nc3 cxd4 5. Nxd4 e6 6. Be2 a6 7. O-O Qc7 8. f4
Be7 9. Be3 O-O 10. g4 h6 11. g5 hxg5 12. fxg5 Nh7 13. g6 fxg6 14. Bg4 Rxf1+ 15.
Qxf1 Bg5 16. Bxg5 Nxg5 17. h4 Qc5 18. Qf2 e5 19. Bxc8 Qxc8 20. hxg5 Qg4+ 21.
Qg2 Qxg2+ 22. Kxg2 exd4 23. Ne2 Nc6 24. Rd1 Rc8 25. Kg3 Kf7 26. Nxd4 Nxd4 27.
Rxd4 Rxc2 28. Rxd6 Rxb2 29. Kf4 a5 30. a4 Rb4 31. Ke5 b5 32. axb5 Rxb5+ 33. Kf4
Rb7 34. Ra6 Rb5 35. Ra7+ Kf8 36. Ra6 Kf7 37. Rd6 Rb7 38. Ra6 Rb5 39. Ra7+ Kf8
40. Ra6 1/2-1/2

[Event "Spain ch tt"]
[Site "?"]
[Date "2001.??.??"]
[Round "6"]
[White "Garcia Ilundain, David"]
[Black "Vassallo, Mauricio"]
[Result "1/2-1/2"]
[WhiteElo "2467"]
[BlackElo "2454"]
[PlyCount "160"]
[EventDate "2001.??.??"]

1. d4 Nf6 2. Nf3 c5 3. d5 g6 4. Nc3 Bg7 5. e4 d6 6. Bb5+ Bd7 7. Bxd7+ Nbxd7 8.
O-O O-O 9. Qe2 Ne8 10. Bf4 Nc7 11. a4 f5 12. e5 dxe5 13. Nxe5 Nxe5 14. Bxe5
Bxe5 15. Qxe5 Qd6 16. Rfe1 Rad8 17. Qxe7 Nxd5 18. Nxd5 Qxd5 19. Re5 Qd6 20.
Qxd6 Rxd6 21. Rxc5 Rf7 22. Re1 Rfd7 23. g3 Kf7 24. Kg2 Kf6 25. Re3 Rd2 26. h4
Kf7 27. a5 Kf6 28. Kf3 Kf7 29. Rb3 Kf6 30. Re3 Kf7 31. Rec3 Kf6 32. Rc7 R2d5
33. a6 bxa6 34. R3c6+ Ke5 35. Rxd7 Rxd7 36. Rxa6 Rc7 37. Ra5+ Ke6 38. c3 Rb7
39. Ke3 Rxb2 40. Ra6+ Ke5 41. Rxa7 Rc2 42. Rc7 h6 43. Rc6 f4+ 44. gxf4+ Kf5 45.
Kf3 h5 46. Rc5+ Kf6 47. Kg3 Rc1 48. Kg2 Rc2 49. f5 gxf5 50. Kg3 Ke6 51. f3 Kd6
52. Rxf5 Rxc3 53. Rxh5 Ke6 54. Kg4 Kf6 55. Rh6+ Kg7 56. Rb6 Rc1 57. h5 Rg1+ 58.
Kf5 Ra1 59. f4 Ra5+ 60. Kg4 Ra1 61. Kg5 Rg1+ 62. Kf5 Ra1 63. Rg6+ Kf7 64. Re6
Kg7 65. h6+ Kh7 66. Kg5 Rg1+ 67. Kf6 Kxh6 68. Kf7+ Kh7 69. f5 Ra1 70. Kf8 Ra8+
71. Re8 Ra6 72. Re7+ Kh8 73. Kf7 Kh7 74. f6 Ra8 75. Rb7 Ra1 76. Re7 Ra8 77. Re8
Ra7+ 78. Re7 Ra8 79. Re1 Ra7+ 80. Kf8 Kg6 1/2-1/2

[Event "Spain ch tt"]
[Site "?"]
[Date "2001.??.??"]
[Round "6"]
[White "Sanchez Guirado, Francisco"]
[Black "Romero, Alfonso"]
[Result "0-1"]
[WhiteElo "2399"]
[BlackElo "2461"]
[PlyCount "82"]
[EventDate "2001.??.??"]

1. d4 Nf6 2. g3 c5 3. Nf3 b5 4. Bg2 Bb7 5. O-O cxd4 6. Nxd4 Bxg2 7. Kxg2 Qb6 8.
Qd3 a6 9. Bg5 Nc6 10. c3 Ne5 11. Qf5 Qb7+ 12. Kg1 Nc4 13. Nd2 Nxd2 14. Bxd2 Ne4
15. Rfd1 e6 16. Qh5 Be7 17. a4 bxa4 18. Be1 O-O 19. Qa5 Nc5 20. Qb4 Qa7 21. c4
Rfe8 22. Qc3 Bf6 23. Ra2 Rab8 24. Qe3 Nb3 25. Bc3 Nc5 26. h4 Qc7 27. Qf3 Be5
28. Qe3 d6 29. f4 Bf6 30. Qf3 Bxd4+ 31. Bxd4 f5 32. e3 Rb4 33. Qh5 Rf8 34. Rc1
Ne4 35. Qe2 Rc8 36. c5 dxc5 37. Be5 Qb7 38. Rd1 Nxg3 39. Qg2 Ne4 40. Kh2 Qf7
41. Rg1 Nf6 0-1

[Event "Spain ch tt"]
[Site "?"]
[Date "2001.??.??"]
[Round "6"]
[White "Cano, Josue"]
[Black "Anguix, Juan"]
[Result "1-0"]
[WhiteElo "2243"]
[BlackElo "2401"]
[PlyCount "105"]
[EventDate "2001.??.??"]

1. Nf3 f5 2. g3 Nf6 3. d4 g6 4. c4 Bg7 5. b4 c6 6. Bb2 d5 7. Nbd2 O-O 8. Bg2
Kh8 9. O-O Be6 10. Ne5 Nbd7 11. Nxd7 Qxd7 12. c5 Ne4 13. e3 g5 14. f4 g4 15.
Qe2 Rfb8 16. Rfc1 h5 17. Bf1 b6 18. Bc3 bxc5 19. bxc5 Rb7 20. Nxe4 dxe4 21. Qd2
Qe8 22. Ba6 Rd7 23. Rcb1 Bd5 24. Qc2 h4 25. Be1 hxg3 26. hxg3 Bf6 27. Rb4 Kg7
28. Bf1 Qh5 29. Bg2 Rh8 30. Kf2 Qh2 31. Rab1 Rdd8 32. Kf1 Rh3 33. Bf2 Rdh8 34.
Ra4 a6 35. Rb7 Rxg3 36. Bxg3 Qxg3 37. Qf2 Qh2 38. Ke2 g3 39. Qf1 Qh5+ 40. Kd2
Qg4 41. Rb2 Rh2 42. Kc1 a5 43. Rd2 e5 44. dxe5 Bxe5 45. fxe5 f4 46. Rxe4 Bxe4
47. Bxe4 Qe6 48. Rxh2 gxh2 49. exf4 Kh8 50. Kb2 Qd7 51. Kc3 Qb7 52. a3 a4 53.
Qd1 1-0

[Event "Spain ch tt"]
[Site "?"]
[Date "2001.??.??"]
[Round "6"]
[White "Rodriguez Vargas, Orestes"]
[Black "Giorgadze, Giorgi"]
[Result "1/2-1/2"]
[WhiteElo "2463"]
[BlackElo "2585"]
[PlyCount "84"]
[EventDate "2001.??.??"]

1. d4 d5 2. c4 e6 3. Nc3 Bb4 4. e3 Nf6 5. Bd3 O-O 6. Nf3 b6 7. cxd5 exd5 8. O-O
Bb7 9. Qc2 Re8 10. Ne5 Bd6 11. f4 c5 12. Rf3 cxd4 13. exd4 Nc6 14. Nxc6 Bxc6
15. Bd2 Ne4 16. Re1 Rc8 17. Ba6 Rc7 18. Nxe4 dxe4 19. Rc3 Bd5 20. Be3 Ree7 21.
a3 g6 22. Rc1 Rxc3 23. Qxc3 Rc7 24. Qd2 f5 25. Rc3 Rxc3 26. Qxc3 Qc7 27. Qxc7
Bxc7 28. g3 Kf7 29. Kf2 Ke7 30. Ke2 Kd6 31. Kd2 Kc6 32. a4 Bd6 33. Kc3 Be7 34.
b3 Kc7 35. Bc1 Kd7 36. Be3 Bd6 37. Bb5+ Ke7 38. Ba6 Kf6 39. h4 h6 40. b4 Kf7
41. Bd2 Be7 42. Be3 Bd6 1/2-1/2

[Event "Spain ch tt"]
[Site "?"]
[Date "2001.??.??"]
[Round "6"]
[White "Paramos, Roberto"]
[Black "Campos Moreno, Javier"]
[Result "1/2-1/2"]
[WhiteElo "2434"]
[BlackElo "2500"]
[PlyCount "31"]
[EventDate "2001.??.??"]

1. e4 c5 2. Nf3 Nc6 3. d4 cxd4 4. Nxd4 Nf6 5. Nc3 d6 6. Bg5 e6 7. Qd2 a6 8.
O-O-O Bd7 9. f4 b5 10. Bxf6 gxf6 11. f5 Nxd4 12. Qxd4 Bh6+ 13. Kb1 Bf4 14. Ne2
Be5 15. Qd3 Qb6 16. g3 1/2-1/2

[Event "Spain ch tt"]
[Site "?"]
[Date "2001.??.??"]
[Round "6"]
[White "Martin, Angel"]
[Black "Reinaldo, Roi"]
[Result "0-1"]
[WhiteElo "2425"]
[BlackElo "2383"]
[PlyCount "58"]
[EventDate "2001.??.??"]

1. e4 e5 2. f4 Bc5 3. Nf3 d6 4. Bc4 Nf6 5. d3 O-O 6. Nc3 c6 7. f5 d5 8. Bb3
dxe4 9. dxe4 Qxd1+ 10. Kxd1 Nbd7 11. Bg5 Bd4 12. Re1 Nc5 13. Nxd4 exd4 14. Bxf6
gxf6 15. Na4 Nd7 16. c3 b5 17. cxd4 bxa4 18. Bxa4 Rb8 19. Bxc6 Rb4 20. Bd5
Rxd4+ 21. Kc2 Ba6 22. Rad1 Rc8+ 23. Kb1 Rxd1+ 24. Rxd1 Ne5 25. a3 Bd3+ 26. Ka2
Rc2 27. Kb3 Rxg2 28. Rc1 Rxh2 29. Rc7 a6 0-1

[Event "Spain ch tt"]
[Site "?"]
[Date "2001.??.??"]
[Round "6"]
[White "Garcia Castro, Pablo"]
[Black "Estremera, Sergio"]
[Result "1/2-1/2"]
[WhiteElo "2324"]
[BlackElo "2398"]
[PlyCount "50"]
[EventDate "2001.??.??"]

1. e4 c5 2. Nc3 Nc6 3. g3 g6 4. Bg2 Bg7 5. d3 d6 6. f4 e6 7. Nf3 Nge7 8. O-O
O-O 9. Be3 b6 10. Bf2 e5 11. Qd2 Nd4 12. Nxd4 cxd4 13. Ne2 Bg4 14. h3 Bxe2 15.
Qxe2 Rc8 16. Be1 exf4 17. gxf4 f5 18. Bh4 Qd7 19. Rae1 Rc5 20. Bxe7 Qxe7 21.
exf5 Qxe2 22. Rxe2 Rcxf5 23. Re7 R8f7 24. Re8+ Rf8 25. Re7 R8f7 1/2-1/2

[Event "Spain ch tt"]
[Site "?"]
[Date "2001.??.??"]
[Round "6"]
[White "Matamoros, Carlos"]
[Black "Cifuentes, Roberto"]
[Result "1/2-1/2"]
[WhiteElo "2457"]
[BlackElo "2522"]
[PlyCount "43"]
[EventDate "2001.??.??"]

1. c4 e6 2. Nf3 d5 3. b3 Nf6 4. g3 c6 5. Bb2 a5 6. Bg2 a4 7. Na3 Bd6 8. O-O Qe7
9. Qc1 O-O 10. d3 Nbd7 11. cxd5 exd5 12. Nd4 Ne5 13. Nac2 Bd7 14. b4 Rfe8 15.
Rb1 Rac8 16. Ba1 b6 17. Ne3 g6 18. Qd2 Rb8 19. Ndc2 Neg4 20. Rfe1 Nxe3 21. Nxe3
Be5 22. Bxe5 1/2-1/2

[Event "Spain ch tt"]
[Site "?"]
[Date "2001.??.??"]
[Round "6"]
[White "Pomes, Joan"]
[Black "Vega Holm, Fernando"]
[Result "1-0"]
[WhiteElo "2399"]
[BlackElo "2404"]
[PlyCount "83"]
[EventDate "2001.??.??"]

1. d4 e6 2. c4 f5 3. g3 Nf6 4. Bg2 Be7 5. Nf3 O-O 6. O-O Ne4 7. Nc3 d5 8. Ne5
Nc6 9. cxd5 exd5 10. Nxc6 bxc6 11. Qc2 Nxc3 12. Qxc3 Bd7 13. Bf4 Bd6 14. Be5
Bxe5 15. dxe5 Qe7 16. f4 Rfb8 17. Rfd1 a5 18. Rac1 Ra6 19. Rd2 Qb4 20. Qe3 Rab6
21. Kf2 Be6 22. Rcc2 Kf7 23. Rd4 Qb5 24. Qc1 a4 25. Rd3 Bd7 26. Qe3 Qa6 27.
Rdd2 Rb4 28. a3 Rb3 29. Qd4 Qb6 30. e3 Qa5 31. e6+ Bxe6 32. Rxc6 Rd8 33. Rdc2
Rb7 34. Qe5 Rd6 35. Rxd6 cxd6 36. Qxd6 h6 37. Qe5 Rd7 38. g4 g6 39. g5 hxg5 40.
fxg5 Qd8 41. Rc6 Qe7 42. h4 1-0

[Event "Spain ch tt"]
[Site "?"]
[Date "2001.??.??"]
[Round "6"]
[White "Gonzalez Velez, Fermin"]
[Black "Barrero, Carlos"]
[Result "1/2-1/2"]
[WhiteElo "2379"]
[BlackElo "2307"]
[PlyCount "69"]
[EventDate "2001.??.??"]

1. d4 Nf6 2. c4 g6 3. Nc3 Bg7 4. e4 d6 5. Bd3 O-O 6. Nge2 Nc6 7. O-O Nh5 8. Be3
e5 9. d5 Nd4 10. Qd2 c5 11. dxc6 bxc6 12. b4 f5 13. exf5 gxf5 14. Bg5 Qe8 15.
Nxd4 exd4 16. Ne2 Qg6 17. Ng3 Nf6 18. Rfe1 Ng4 19. Be7 Rf7 20. c5 d5 21. Bd6
Bd7 22. Rab1 Kh8 23. a4 a6 24. Re2 h5 25. Rbe1 Rg8 26. Re7 h4 27. Rxf7 hxg3 28.
Rxg7 gxf2+ 29. Qxf2 Rxg7 30. Qxd4 Ne5 31. Qh4+ Kg8 32. Qd8+ Kh7 33. Qh4+ Kg8
34. Qd8+ Kh7 35. Qh4+ 1/2-1/2

[Event "Spain ch tt"]
[Site "?"]
[Date "2001.??.??"]
[Round "6"]
[White "Cacho, Sergio"]
[Black "Shirov, Alexei"]
[Result "0-1"]
[WhiteElo "2463"]
[BlackElo "2706"]
[PlyCount "132"]
[EventDate "2001.??.??"]

1. Nf3 d5 2. d4 c6 3. c4 Nf6 4. e3 Bf5 5. Nc3 e6 6. Bd3 Bxd3 7. Qxd3 Nbd7 8.
O-O Bb4 9. Bd2 a5 10. a3 Be7 11. e4 Nc5 12. dxc5 dxe4 13. Qxd8+ Rxd8 14. Nxe4
Nxe4 15. Bxa5 Ra8 16. Bb4 Bxc5 17. Bxc5 Nxc5 18. Rfd1 Ke7 19. Kf1 f6 20. Rac1
e5 21. Rc2 Rhd8 22. Rcd2 Rxd2 23. Rxd2 Ne6 24. Ne1 Ra4 25. Rc2 c5 26. Rc3 Nd4
27. Nd3 Kd6 28. f4 e4 29. Nf2 f5 30. Nd1 Ke6 31. Ne3 Ra7 32. Kf2 h6 33. h4 g6
34. Rc1 b6 35. Rd1 g5 36. hxg5 hxg5 37. Nd5 gxf4 38. Nxf4+ Ke5 39. Ng6+ Kf6 40.
Nf4 Kg5 41. g3 Rh7 42. Kg2 Rh6 43. Rh1 Rxh1 44. Kxh1 Kg4 45. Kg2 Nc2 46. Kf2
e3+ 47. Kg2 e2 48. Nxe2 Ne3+ 49. Kf2 Nd1+ 50. Kg2 Nxb2 51. Nc3 Nxc4 52. a4 Nb2
53. Kf2 c4 54. Kg2 Nd3 55. Nd1 f4 56. gxf4 Kxf4 57. Kf1 Kf3 58. Nc3 Ke3 59. Nb1
Nc5 60. a5 bxa5 61. Ke1 Kd3 62. Kd1 Nb3 63. Na3 Nd4 64. Kc1 c3 65. Kb1 c2+ 66.
Kb2 a4 0-1

[Event "Spain ch tt"]
[Site "?"]
[Date "2001.??.??"]
[Round "7"]
[White "Vassallo, Mauricio"]
[Black "Adams, Michael"]
[Result "1/2-1/2"]
[WhiteElo "2454"]
[BlackElo "2731"]
[PlyCount "101"]
[EventDate "2001.??.??"]

1. Nf3 Nf6 2. c4 e6 3. g3 d5 4. b3 d4 5. Bg2 Nc6 6. O-O Bc5 7. d3 O-O 8. Na3 e5
9. Nc2 a5 10. Bb2 Re8 11. a3 Rb8 12. e3 dxe3 13. Nxe3 h5 14. Nd5 Bg4 15. h3
Bxf3 16. Qxf3 h4 17. Nxf6+ Qxf6 18. Qxf6 gxf6 19. gxh4 Red8 20. Rfd1 Bd4 21.
Rab1 Bxb2 22. Rxb2 Nd4 23. b4 axb4 24. axb4 c6 25. Ra2 Kg7 26. f4 exf4 27. Rf1
Ra8 28. Rd2 Ra4 29. Rxf4 f5 30. Rb2 Kf6 31. Kh2 Ra3 32. Rbf2 Ke5 33. Be4 Ra2
34. Rxf5+ Nxf5 35. Rxa2 Nd4 36. Ra7 f5 37. Bg2 Rb8 38. b5 Kf4 39. h5 cxb5 40.
cxb5 Nxb5 41. Rxb7 Rxb7 42. Bxb7 Kg5 43. Bf3 Nd4 44. Kg3 f4+ 45. Kf2 Kh6 46.
Bg4 Kg7 47. Ke1 Kh6 48. Kd2 Nb5 49. Bd1 Kg5 50. Bg4 Kh6 51. Kc2 1/2-1/2

[Event "Spain ch tt"]
[Site "?"]
[Date "2001.??.??"]
[Round "7"]
[White "Campora, Daniel"]
[Black "Sanchez Guirado, Francisco"]
[Result "0-1"]
[WhiteElo "2536"]
[BlackElo "2399"]
[PlyCount "92"]
[EventDate "2001.??.??"]

1. e4 c5 2. Nf3 g6 3. d4 cxd4 4. Nxd4 Nc6 5. c4 Nf6 6. Nc3 d6 7. Be2 Nxd4 8.
Qxd4 Bg7 9. Be3 O-O 10. Qd2 Be6 11. O-O Rc8 12. b3 b5 13. cxb5 Rxc3 14. Qxc3
Nd5 15. Qxg7+ Kxg7 16. exd5 Bxd5 17. Rfd1 Qa8 18. f3 Rc8 19. Rac1 Rxc1 20. Rxc1
Qb7 21. Rc3 e5 22. a4 Be6 23. b4 d5 24. Bc5 d4 25. Rc1 Qd7 26. Bd3 Bf5 27. Bxf5
gxf5 28. f4 e4 29. Rd1 d3 30. Kf2 Qe6 31. Rd2 Qh6 32. Kg3 Qg6+ 33. Kf2 Qg4 34.
Ke3 Qh4 35. Rf2 Qxh2 36. Bxa7 Qg1 37. Bd4+ Kg6 38. Kd2 Qb1 39. Be3 Qxb4+ 40.
Kd1 Qxa4+ 41. Ke1 Qa1+ 42. Kd2 Qb2+ 43. Kd1 Qb1+ 44. Kd2 Qxb5 45. Ke1 Qb1+ 46.
Kd2 Kh5 0-1

[Event "Spain ch tt"]
[Site "?"]
[Date "2001.??.??"]
[Round "7"]
[White "Suba, Mihai"]
[Black "Marin, Mihai"]
[Result "1/2-1/2"]
[WhiteElo "2535"]
[BlackElo "2561"]
[PlyCount "29"]
[EventDate "2001.??.??"]

1. Nf3 Nf6 2. c4 b6 3. d4 e6 4. a3 c5 5. e3 g6 6. Nc3 Bg7 7. Be2 O-O 8. O-O Bb7
9. b4 cxd4 10. exd4 d5 11. c5 Ne4 12. Bb2 bxc5 13. bxc5 Nc6 14. Rb1 Qa5 15. Qd3
1/2-1/2

[Event "Spain ch tt"]
[Site "?"]
[Date "2001.??.??"]
[Round "7"]
[White "Narciso, Marc"]
[Black "Garcia Ilundain, David"]
[Result "1/2-1/2"]
[WhiteElo "2517"]
[BlackElo "2467"]
[PlyCount "33"]
[EventDate "2001.??.??"]

1. Nf3 Nf6 2. c4 e6 3. Nc3 d5 4. d4 Be7 5. Bg5 h6 6. Bh4 O-O 7. e3 Ne4 8. Bxe7
Qxe7 9. Rc1 c6 10. Bd3 Nxc3 11. Rxc3 Nd7 12. O-O dxc4 13. Rxc4 e5 14. dxe5 Nxe5
15. Re4 Nxf3+ 16. Qxf3 Be6 17. Bc4 1/2-1/2

[Event "Spain ch tt"]
[Site "?"]
[Date "2001.??.??"]
[Round "7"]
[White "Del Rio, Gabriel"]
[Black "Granados, Manuel"]
[Result "1/2-1/2"]
[WhiteElo "2489"]
[BlackElo "2428"]
[PlyCount "46"]
[EventDate "2001.??.??"]

1. d4 d5 2. c4 c6 3. Qc2 Nf6 4. Nf3 g6 5. Bf4 Bg7 6. e3 O-O 7. Bd3 c5 8. O-O
cxd4 9. Nxd4 Na6 10. Be2 dxc4 11. Qxc4 Nd5 12. Bg3 e5 13. Nf3 Be6 14. Qa4 Qb6
15. Nbd2 Qxb2 16. Rab1 Nc3 17. Rxb2 Nxa4 18. Rxb7 N6c5 19. Rc7 e4 20. Nd4 Bxa2
21. Bd6 Rfc8 22. Rxc8+ Rxc8 23. Rc1 Bf8 1/2-1/2

[Event "Spain ch tt"]
[Site "?"]
[Date "2001.??.??"]
[Round "7"]
[White "Jerez, Alfonso"]
[Black "Romero, Alfonso"]
[Result "0-1"]
[WhiteElo "2356"]
[BlackElo "2461"]
[PlyCount "56"]
[EventDate "2001.??.??"]

1. e4 e6 2. d4 d5 3. Nc3 Bb4 4. Qd3 Nc6 5. Nf3 Nf6 6. e5 Ne4 7. a3 Bxc3+ 8.
bxc3 f6 9. exf6 gxf6 10. Nd2 Nd6 11. Be2 O-O 12. O-O Kh8 13. a4 Rg8 14. Nf3 Nf5
15. Rd1 b6 16. Qd2 Qe8 17. Qf4 e5 18. dxe5 fxe5 19. Qd2 Bb7 20. Qxd5 Ncd4 21.
Qxb7 Nxe2+ 22. Kh1 e4 23. Ne1 Qh5 24. Qd5 Raf8 25. h3 Rxg2 26. Kxg2 Qg6+ 27.
Kf1 Qg1+ 28. Kxe2 Ng3+ 0-1

[Event "Spain ch tt"]
[Site "?"]
[Date "2001.??.??"]
[Round "7"]
[White "Giorgadze, Giorgi"]
[Black "Matamoros, Carlos"]
[Result "1-0"]
[WhiteElo "2585"]
[BlackElo "2457"]
[PlyCount "83"]
[EventDate "2001.??.??"]

1. d4 e6 2. c4 d5 3. Nc3 Be7 4. cxd5 exd5 5. Bf4 Nf6 6. e3 Bf5 7. Nge2 O-O 8.
h3 c5 9. Ng3 Be6 10. Bd3 Nc6 11. O-O cxd4 12. exd4 Qb6 13. Nge2 Rfc8 14. Na4
Qd8 15. a3 Nd7 16. b4 Bf6 17. Rc1 Nxd4 18. Nxd4 Bxd4 19. Bxh7+ Kxh7 20. Qxd4
Qf6 21. Qxf6 Nxf6 22. Nc5 b6 23. Nxe6 fxe6 24. Rfe1 Kg6 25. g4 Kf7 26. Bc7 Ne8
27. Be5 Nf6 28. f3 b5 29. g5 Nd7 30. Bc7 g6 31. Kg2 a6 32. Rc6 a5 33. Rec1 axb4
34. axb4 Ra7 35. h4 Rca8 36. Ba5 Rh8 37. Kg3 Ke7 38. Re1 Nf8 39. Bb6 Kd7 40.
Rec1 Rb7 41. Bd4 Rh7 42. Rc8 1-0

[Event "Spain ch tt"]
[Site "?"]
[Date "2001.??.??"]
[Round "7"]
[White "Vega Holm, Fernando"]
[Black "Paramos, Roberto"]
[Result "1/2-1/2"]
[WhiteElo "2404"]
[BlackElo "2434"]
[PlyCount "76"]
[EventDate "2001.??.??"]

1. c4 g6 2. g3 Bg7 3. Bg2 e5 4. Nc3 d6 5. d3 Nc6 6. e4 Nge7 7. Nge2 O-O 8. O-O
Be6 9. Nd5 Qd7 10. Bg5 f6 11. Be3 f5 12. Qd2 Rf7 13. f3 Raf8 14. Rac1 Nd4 15.
Nxe7+ Qxe7 16. Nxd4 exd4 17. Bg5 Qd7 18. exf5 Bxf5 19. g4 Be6 20. Rce1 Qc8 21.
f4 c6 22. h3 Re8 23. Qa5 a6 24. Bh4 Bd7 25. Qb4 Bf8 26. Rxe8 Qxe8 27. Re1 Qc8
28. Qd2 Bh6 29. Bg3 Qf8 30. Rf1 Qe8 31. Re1 Qf8 32. Re4 Bg7 33. Qb4 b5 34. cxb5
axb5 35. Qe1 Bh6 36. Qf2 Bg7 37. Re2 Re7 38. Rc2 Qe8 1/2-1/2

[Event "Spain ch tt"]
[Site "?"]
[Date "2001.??.??"]
[Round "7"]
[White "Barrero, Carlos"]
[Black "Rodriguez, Rafael"]
[Result "1/2-1/2"]
[WhiteElo "2307"]
[BlackElo "2299"]
[PlyCount "169"]
[EventDate "2001.??.??"]

1. d4 Nf6 2. Nf3 e6 3. Bg5 h6 4. Bh4 g5 5. Bg3 Nh5 6. Be5 f6 7. Qd3 Kf7 8. Nc3
d6 9. Bg3 f5 10. e3 Be7 11. Be2 Kg7 12. O-O-O Nd7 13. Nd2 Ndf6 14. f3 Nxg3 15.
hxg3 c6 16. e4 Qe8 17. exf5 exf5 18. Rde1 Qf7 19. f4 g4 20. Nc4 Re8 21. Ne3 Qg6
22. Qd1 d5 23. Bd3 Ne4 24. Bxe4 dxe4 25. Nc4 Bb4 26. Re3 Rd8 27. Ne2 Qe6 28. b3
a5 29. c3 Be7 30. Kd2 b5 31. Ne5 a4 32. Ke1 axb3 33. axb3 c5 34. Kf2 Ra3 35.
Qc2 Bb7 36. Rb1 Bd5 37. c4 bxc4 38. bxc4 Rxe3 39. Kxe3 cxd4+ 40. Nxd4 Bc5 41.
cxd5 Qxd5 42. Rb7+ Kg8 43. Ke2 Qxd4 44. Qc4+ Qxc4+ 45. Nxc4 Rc8 46. Rd7 Bg1 47.
Nd6 Rc5 48. Ne8 Kf8 49. Ng7 Ra5 50. Kf1 Be3 51. Rc7 Kg8 52. Ne6 Ra2 53. Ng7 Ra5
54. Ne6 Ra7 55. Rc3 Ra6 56. Nc7 Ra1+ 57. Ke2 Bd4 58. Rc4 Ra2+ 59. Kf1 Bf2 60.
Nd5 Kf7 61. Nc3 Rc2 62. Rc7+ Ke8 63. Rh7 Rxc3 64. Kxf2 Rc6 65. Ke2 Kf8 66. Kf2
Kg8 67. Re7 Rf6 68. Ke3 Rf7 69. Re6 Kg7 70. Kf2 Rf6 71. Re7+ Kg6 72. Ke3 Ra6
73. Kf2 h5 74. Re8 Ra2+ 75. Kf1 Ra1+ 76. Kf2 Rh1 77. Re6+ Kf7 78. Rh6 Kg7 79.
Rb6 h4 80. Rb7+ Kf6 81. Rb6+ Kf7 82. Rb7+ Ke6 83. Rb6+ Kd5 84. Rb5+ Kd4 85.
gxh4 1/2-1/2

[Event "Spain ch tt"]
[Site "?"]
[Date "2001.??.??"]
[Round "7"]
[White "Cifuentes, Roberto"]
[Black "Cacho, Sergio"]
[Result "1/2-1/2"]
[WhiteElo "2522"]
[BlackElo "2463"]
[PlyCount "97"]
[EventDate "2001.??.??"]

1. d4 Nf6 2. Nf3 g6 3. c4 Bg7 4. Nc3 O-O 5. e4 d6 6. Be3 Na6 7. Be2 e5 8. O-O
Ng4 9. Bg5 Qe8 10. dxe5 h6 11. Bd2 Nxe5 12. Nxe5 dxe5 13. Be3 c6 14. a3 Qe7 15.
b4 Rd8 16. Qc1 Kh7 17. Rd1 Nc7 18. Rxd8 Qxd8 19. Qd1 Qe7 20. Bc5 Qe8 21. Bd6
Ne6 22. c5 Nd4 23. Bd3 Bd7 24. Rb1 Bf8 25. Bxf8 Qxf8 26. Ne2 Ne6 27. Qc2 Qe7
28. Qc3 Qg5 29. Rd1 Rd8 30. Bc2 Bc8 31. Rxd8 Nxd8 32. Bb3 Be6 33. Bxe6 Nxe6 34.
f3 h5 35. Qd3 Kg7 36. g3 h4 37. Kf2 Qf6 38. Qd6 hxg3+ 39. hxg3 Ng5 40. Qxf6+
Kxf6 41. Ke3 Ne6 42. f4 Nc7 43. Nc1 Ke6 44. Nd3 exf4+ 45. gxf4 Nb5 46. a4 Nc3
47. a5 f6 48. Kd4 Nb5+ 49. Ke3 1/2-1/2

[Event "Spain ch tt"]
[Site "?"]
[Date "2001.??.??"]
[Round "7"]
[White "Bernal, Luis M"]
[Black "Pomes, Joan"]
[Result "1-0"]
[WhiteElo "2407"]
[BlackElo "2399"]
[PlyCount "53"]
[EventDate "2001.??.??"]

1. d4 f5 2. g3 Nf6 3. Bg2 d6 4. Nf3 c6 5. O-O Qc7 6. Bg5 Nbd7 7. Nc3 e6 8. Qd3
d5 9. Bf4 Bd6 10. e3 O-O 11. Ne2 e5 12. dxe5 Nxe5 13. Nxe5 Bxe5 14. c4 Bxf4 15.
Nxf4 dxc4 16. Qxc4+ Qf7 17. Qb4 a5 18. Qb6 Nd7 19. Qd4 Re8 20. Rfd1 Nf8 21. Qc3
Ng6 22. Nd3 Qc7 23. Nc5 b6 24. Nb3 Ne7 25. Nd4 Bd7 26. Nb5 Qb7 27. Nd6 1-0

[Event "Spain ch tt"]
[Site "?"]
[Date "2001.??.??"]
[Round "7"]
[White "Pablo, Alexandre"]
[Black "Perez Lopez, Jesus M"]
[Result "1-0"]
[WhiteElo "2403"]
[BlackElo "2178"]
[PlyCount "59"]
[EventDate "2001.??.??"]

1. e4 e6 2. d4 d5 3. Nc3 dxe4 4. Nxe4 Bd7 5. Nf3 Bc6 6. Bd3 Nd7 7. Qe2 Be7 8.
c3 Ngf6 9. Ng3 O-O 10. O-O Bxf3 11. Qxf3 c6 12. Re1 Re8 13. Bf4 Qb6 14. Re2 a5
15. Rae1 a4 16. Be5 Bf8 17. a3 Ra5 18. Bb1 Rb5 19. Qd3 g6 20. Bxf6 Nxf6 21. Qc2
Ra5 22. Nf1 Qc7 23. Ne3 Raa8 24. Ba2 Bg7 25. Nc4 Nd7 26. Qd3 Rad8 27. Qh3 Nb6
28. Ne5 Nd7 29. Nxf7 Kxf7 30. Rxe6 1-0

[Event "Spain ch tt"]
[Site "?"]
[Date "2001.??.??"]
[Round "7"]
[White "Gonzalez Merino, Francisco"]
[Black "Gonzalez Velez, Fermin"]
[Result "0-1"]
[WhiteElo "2171"]
[BlackElo "2379"]
[PlyCount "80"]
[EventDate "2001.??.??"]

1. Nf3 d6 2. d4 Nf6 3. g3 Nbd7 4. Bg2 e5 5. O-O g6 6. c4 exd4 7. Nxd4 Bg7 8.
Nc3 O-O 9. b3 Re8 10. Bb2 a6 11. Qc2 Rb8 12. e4 c5 13. Nde2 b5 14. cxb5 axb5
15. Rfd1 Ne5 16. Qd2 Bg4 17. Kh1 b4 18. Na4 Nf3 19. Qf4 Nxe4 20. Bxf3 Nxf2+ 21.
Kg2 Nxd1 22. Rxd1 Rxe2+ 23. Bxe2 Bxe2 24. Rxd6 Qe8 25. Bxg7 Kxg7 26. Nxc5 Bb5
27. Qd4+ Kg8 28. Nd7 Qe2+ 29. Qf2 Qe4+ 30. Qf3 Qe7 31. Qd1 Ra8 32. Nf6+ Kg7 33.
Qa1 Rxa2+ 34. Qxa2 Qxd6 35. Ng4 Qd4 36. Nf2 Bc6+ 37. Kf1 Bd5 38. Qb1 Qc3 39.
Kg1 Bxb3 40. Qf1 Bd5 0-1